000
00257nam a22001217a 4500
008
170905b xxu||||| |||| 00| 0 eng d
041
_a
eng
080
_a
616.9
100
_a
08
101
_a
INF
245
_a
SEMUNDJET INFEKTIVE
_c
PULO,J
942
_2
udc
_c
BK
999
_c
26111
_d
26111